|
|
|
|
| LEADER |
00000nam a22000007a 4500 |
| 005 |
20180222001012.0 |
| 007 |
cr|||| |||| |
| 008 |
180222s2017 mx |||||s|||| 00||0 spa d |
| 020 |
|
|
|a 978-607-8463-79-4
|
| 035 |
|
|
|a 20994
|
| 040 |
|
|
|a vLex
|
| 090 |
|
|
|c 7398
|d 7398
|
| 100 |
1 |
|
|a Tapia Iturriaga, Carmen Karina
|
| 245 |
1 |
0 |
|a Sn̕tesis y comentarios de las NIF 2017
|h [Recurso electrn̤ico] /
|c Carmen Karina Tapia Iturriaga
|
| 256 |
|
|
|a Servicio en ln̕ea
|
| 260 |
|
|
|a Mx̌ico DF:
|b Instituto Mexicano de Contadores Pb︢licos,
|c 2017
|
| 300 |
|
|
|a 1 recurso electrn̤ico
|
| 506 |
1 |
|
|a Disponible solo en los productos indicados
|d vLex Global
|d vLex Global (Academic Edition, excluding Law Schools)
|d vLex Global (U.S. Academic Edition, Law Schools)
|d vLex Global (U.S. Academic Edition, excluding Law Schools)
|d vLex Global (Academic Edition, Law Schools)
|
| 650 |
0 |
4 |
|a Derecho Fiscal
|z Mx̌ico
|
| 650 |
0 |
4 |
|a Financiero
|z Mx̌ico
|
| 740 |
0 |
|
|a vLex Libros (Servicio en ln̕ea)
|
| 856 |
4 |
0 |
|u http://vlex.com/source/sintesis-comentarios-nif-2017-20994
|z Acceso restringido
|
| 942 |
|
|
|c BOOK
|
| 999 |
0 |
|
|a Tax Law
|
| 999 |
0 |
|
|a Financial
|